Obrazy /
| Hlavní autor: | Ježek, Stanislav, 1904-2001 |
|---|---|
| Další autoři: | Hlaváček, Zdeněk, 1899-1981 |
| Jazyk: | Ruština Němčina Francouzština Čeština Angličtina |
| Vydáno: |
Praha : Nakladatelství československých výtvarných umělců, 1959 |
| Vydání: | 1. vyd. |
| Edice: |
Současné profily
|
| Fyzický popis: |
10 s., obr. příl. : il. |
| Language note: |
Souběžný anglický, francouzský, německý a ruský text |
|
| LEADER | 00949nam a22002652a 4500 | ||
|---|---|---|---|
| 001 | 001665570 | ||
| 003 | CZ BrMZK | ||
| 005 | 20190301090814.0 | ||
| 007 | ta | ||
| 008 | 190125s1959 xr af er|||||||||||cze d | ||
| 040 | |a BOA001 |b cze |e aacr2 | ||
| 041 | 0 | |a cze |a eng |a fre |a ger |a rus | |
| 100 | 1 | |a Ježek, Stanislav, |d 1904-2001 |7 ola200201712 |4 aut | |
| 245 | 1 | 0 | |a Obrazy / |c Stanislav Ježek ; úvod napsal Zdeněk Hlaváček |
| 250 | |a 1. vyd. | ||
| 260 | |a Praha : |b Nakladatelství československých výtvarných umělců, |c 1959 | ||
| 300 | |a 10 s., obr. příl. : |b il. | ||
| 490 | 1 | |a Současné profily ; |v sv. 16 | |
| 546 | |a Souběžný anglický, francouzský, německý a ruský text | ||
| 700 | 1 | |a Hlaváček, Zdeněk, |d 1899-1981 |7 jk01041221 |4 wfw | |
| 830 | 0 | |a Současné profily |0 s | |
| 910 | |a BOA001 |b X-0420.371 | ||
| 990 | |a BK | ||
| 991 | |b 201901 | ||
| 996 | 6 | |b 2618970927 |c X-0420.371 |l MZK |r Sklad / do 24 hodin |n 0 |w 001704807 |u 000010 |a 1 |e BOA001 |j MZK50 |s P | |
English
Čeština 